Giải phẫu sinh lý người Giáo trình dùng cho các trường cao đẳng sư phạm T.1 Phần Lý thuyết
Na minha lista:
| Autor principal: | |
|---|---|
| Outros Autores: | , |
| Formato: | Livro |
| Publicado em: |
H.
Giáo dục
2002
|
| Edição: | In lần thứ 2 |
| Assuntos: | |
| Tags: |
Adicionar Tag
Sem tags, seja o primeiro a adicionar uma tag!
|
| Thư viện lưu trữ: | Trung tâm Học liệu Lê Vũ Hùng, Trường Đại học Đồng Tháp |
|---|
| LEADER | 01654pam a22003018a 4500 | ||
|---|---|---|---|
| 001 | 00023873 | ||
| 005 | 20171026081022.0 | ||
| 008 | 110701s2002 ||||||Viesd | ||
| 041 | 0 | # | |a Vie |
| 082 | 1 | 4 | |a 612 |b GI103PH |
| 100 | 0 | # | |a Nguyễn Quang Mai |e Chủ biên |
| 245 | 0 | 0 | |a Giải phẫu sinh lý người |b Giáo trình dùng cho các trường cao đẳng sư phạm |c Nguyễn Quang Mai; Nguyễn Thúy Nga, Quách Thị Tài |n T.1 |p Phần Lý thuyết |
| 250 | # | # | |a In lần thứ 2 |
| 260 | # | # | |a H. |b Giáo dục |c 2002 |
| 300 | # | # | |a 256tr. |c 27 cm. |
| 500 | # | # | |a Bộ giáo dục và đào tạo |
| 650 | # | 4 | |a Giải phẫu |
| 653 | # | # | |a Con người |
| 653 | # | # | |a Sinh lý |
| 700 | 0 | # | |a Quách Thị Tài |
| 700 | 0 | # | |a Trần Thúy Nga |
| 852 | # | # | |b Kho mượn |j KGT.0008037 |
| 852 | # | # | |j KGT.0008037, KGT.0008038, KGT.0008039, KGT.0008040, KGT.0008041, KGT.0008042, KGT.0008043, KGT.0008044, KGT.0008045, KGT.0008046, KGT.0008047, KGT.0008048, KGT.0008049, KGT.0008050, KGT.0008051, KGT.0008052, KGT.0008053, KGT.0008054, KGT.0008055, KGT.0008056, KGT.0008057, KGT.0008058, KGT.0008059, KGT.0008060, KGT.0008061, KGT.0032924 |b Kho giáo trình |
| 852 | # | # | |j KGT.0008051 |j KGT.0008052 |j KGT.0008053 |j KGT.0008054 |j KGT.0008056 |j KGT.0008057 |j KGT.0008038 |j KGT.0008039 |j KGT.0008041 |j KGT.0008042 |j KGT.0008046 |j KGT.0008047 |j KGT.0008043 |j KGT.0008044 |j KGT.0008049 |j KGT.0008037 |j KGT.0008040 |j KGT.0008045 |j KGT.0008048 |j KGT.0008050 |j KGT.0008055 |j KGT.0032924 |
| 910 | 0 | # | |d 01/07/2011 |
| 980 | # | # | |a Trung tâm Học liệu Lê Vũ Hùng, Trường Đại học Đồng Tháp |